Riconosci il Pokémon - Quiz n°882 - Statistics

Statistiche generali
  • Questo quiz è stato fatto 5 volte
  • Il punteggio medio è 9 su 10
Statistiche sulle risposte
Indizio Risposta % Corretto
Stadio evoluzione Forma Base
100%
Generazione Prima
100%
Abilità Sabbiavelo; Remasabbia; Mantelneve (Alola); Spalaneve (Alola)
100%
Tipo Terra; Ghiaccio / Acciaio (Alola)
100%
Altezza 0,6 m; 0,7 (Alola)
80%
Peso 12,0 kg; 40,0 kg (Alola)
80%
Tasso di cattura 255 (43.9%)
80%
Sesso 50% ♂, 50% ♀
80%
Tasso di allevamento Medio-Veloce
80%
Pokémon Sandshrew
60%
Nessun quiz corrispondente trovato
Distribuzione punteggi
Percentuale di utenti per punteggio
Percentile per numero di risposta
I tuoi punteggi nel tempo
Non hai fatto questo quiz